Human geography : (Record no. 14084)

000 -LEADER
fixed length control field 00591nam a2200205 a 4500
020 ## - INTERNATIONAL STANDARD BOOK NUMBER
ISBN 0697123243 (cloth)
020 ## - INTERNATIONAL STANDARD BOOK NUMBER
ISBN 0697132897 (paper)
040 ## - CATALOGING SOURCE
Transcribing agency DLC
082 00 - DEWEY DECIMAL CLASSIFICATION NUMBER
Classification number 304 BRO 1992 A065 Or.
100 1# - MAIN ENTRY--AUTHOR NAME
Personal name Fellmann, Jerome Donald,
245 10 - TITLE STATEMENT
Title Human geography :
Remainder of title landscapes of human activities /
250 ## - EDITION STATEMENT
Edition statement 3rd ed.
260 ## - PUBLICATION, DISTRIBUTION, ETC. (IMPRINT)
Place of publication Dubuque, IA :
Name of publisher W.C. Brown Publishers,
Year of publication c1992.
300 ## - PHYSICAL DESCRIPTION
Number of Pages xi, 532 p. :
Other physical details ill. (some col.), col. maps ;
Dimensions 29 cm.
650 #0 - SUBJECT ADDED ENTRY--TOPICAL TERM
Topical Term Human geography.
650 #0 - SUBJECT ADDED ENTRY--TOPICAL TERM
Topical Term Human ecology.
700 1# - ADDED ENTRY--PERSONAL NAME
Personal name Getis, Arthur,
700 1# - ADDED ENTRY--PERSONAL NAME
Personal name Getis, Judith,
942 ## - ADDED ENTRY ELEMENTS (KOHA)
Koha item type សៀវភៅភាសាអង់គ្លេស
952 ## - LOCATION AND ITEM INFORMATION (KOHA)
Withdrawn status [LOCAL, KOHA] 0
Holdings
Permanent Location Date acquired Koha item type Lost status Shelving location Barcode Current Location Full call number
Library Block A2017-10-06សៀវភៅភាសាអង់គ្លេស A065A18104Library Block A304 BRO 1992 A065 Or.
មជ្ឈមណ្ឌលឯការនៃសាកលវិទ្យាល័យភូមិន្ទកសិកម្មចំការដូង

Powered by Koha